Геодинамика внутриконтинентальных орогенов и геоэкологические проблемы (Запись № 1642866)

Подробности
000 -МАРКЕР
контрольное поле 01996nam1a2200325 i 4500
001 - ИДЕНТИФИКАТОР ЗАПИСИ
контрольное поле RU\NLR\bibl\1479229
005 - ИДЕНТИФИКАТОР ВЕРСИИ
контрольное поле 20260407215013.0
035 ## - ДРУГИЕ СИСТЕМНЫЕ НОМЕРА
Идентификатор записи (NLR Aleph) 001470888
100 ## - ДАННЫЕ ОБЩЕЙ ОБРАБОТКИ
Данные общей обработки 20100301g20099999k y0rusy50 ca
101 0# - ЯЗЫК РЕСУРСА
Язык текста, звукозаписи и т.д. русский
-- английский
Язык резюме английский
102 ## - СТРАНА ПУБЛИКАЦИИ ИЛИ ПРОИЗВОДСТВА
Страна публикации российская федерация
105 ## - ПОЛЕ КОДИРОВАННЫХ ДАННЫХ: ТЕКСТОВЫЕ МАТЕРИАЛЫ, МОНОГРАФИЧЕСКИЕ
Кодированные данные о монографическом текстовом документе ||||z |||||
200 1# - ЗАГЛАВИЕ И СВЕДЕНИЯ ОБ ОТВЕТСТВЕННОСТИ
Основное заглавие Геодинамика внутриконтинентальных орогенов и геоэкологические проблемы
Сведения, относящиеся к заглавию сборник материалов Четвертого международного симпозиума, 15-20 июня 2008 года
Первые сведения об ответственности [отв. ред.: акад. Ю.Г. Леонов]
210 ## - ПУБЛИКАЦИЯ, РАСПРОСТРАНЕНИЕ И ДР.
Место издания, распространения и т.д. Москва
-- Бишкек
Имя издателя, распространителя и т. д. [б. и.]
Дата издания, распространения и т.д. 2009
215 ## - ФИЗИЧЕСКАЯ ХАРАКТЕРИСТИКА
Размеры 30
300 ## - ОБЩИЕ ПРИМЕЧАНИЯ
Текст примечания В надзаг.: Науч. станция РАН, Междунар. науч.-исслед. центр - Геодинамический полигон в г. Бишкеке
463 #0 - УРОВЕНЬ ФИЗИЧЕСКОЙ ЕДИНИЦЫ
Встроенное поле 0011471990
606 ## - НАИМЕНОВАНИЕ ТЕМЫ КАК ПРЕДМЕТ
Наименование темы Горные области
Формальный подзаголовок Съезды, совещания и т.п.
Тематический подзаголовок Геоэкологические исследования
Системный номер авторитетной/нормативной записи 2320816
Идентификатор авторитетной/нормативной записи RU\NLR\auth\661388439
606 ## - НАИМЕНОВАНИЕ ТЕМЫ КАК ПРЕДМЕТ
Наименование темы Тектонические структуры орогенные
Формальный подзаголовок Съезды, совещания и т.п.
Тематический подзаголовок Геодинамика
Системный номер авторитетной/нормативной записи 2586025
Идентификатор авторитетной/нормативной записи RU\NLR\auth\661528505
686 ## - ИНДЕКСЫ ДРУГИХ КЛАССИФИКАЦИЙ
Индекс Д390.3я431(0)
686 ## - ИНДЕКСЫ ДРУГИХ КЛАССИФИКАЦИЙ
Индекс Д50я431(0)
702 #1 - ИМЯ ЛИЦА - ВТОРИЧНАЯ ОТВЕТСТВЕННОСТЬ
Код отношения Редактор
Материалы, к которым относится поле rus
Графика поля Кириллица
Начальный элемент ввода Леонов
Часть имени, кроме начального элемента ввода Ю. Г.
Дополнения к именам, кроме дат д-р геол.-минерал. наук
Даты 1934-
Расширение инициалов личного имени Юрий Георгиевич
Идентификатор авторитетной/нормативной записи RU\NLR\auth\7742887
Системный номер авторитетной/нормативной записи 25830
711 12 - НАИМЕНОВАНИЕ ОРГАНИЗАЦИИ - АЛЬТЕРНАТИВНАЯ ОТВЕТСТВЕННОСТЬ
Начальный элемент ввода "Геодинамика внутриконтинентальных орогенов и геоэкологические проблемы", международный симпозиум
Порядковый номер временной организации и / или порядковый номер ее части 4
Дата проведения временной организации 2008
Место проведения временной организации Бишкек
Идентификатор авторитетной/нормативной записи RU\NLR\AUTH\8810144855
Системный номер авторитетной/нормативной записи 784096
801 #0 - ИСТОЧНИК ЗАПИСИ
Страна российская федерация
Организация NLR
Дата составления 20100301
Правила каталогизации RCR
801 #1 - ИСТОЧНИК ЗАПИСИ
Страна российская федерация
Организация NLR
Дата составления 20100301
852 ## - МЕСТОНАХОЖДЕНИЕ И ШИФР ХРАНЕНИЯ
Идентификатор организации NLR
Шифр хранения (Call Number) 2010-8/401
942 ## - ДОПОЛНИТЕЛЬНЫЕ ЭЛЕМЕНТЫ ЗАПИСИ (АБИС)
Тип экземпляра АБИС Книга

Нет доступных экземпляров.